Normal view MARC view
  • Howwitt, William

Entry Personal Name

Number of records used in: 1

001 - CONTROL NUMBER

  • control field: 107796

003 - CONTROL NUMBER IDENTIFIER

  • control field: NUST

005 - DATE AND TIME OF LATEST TRANSACTION

  • control field: 20230126135101.0

008 - FIXED-LENGTH DATA ELEMENTS

  • fixed length control field: 230126|| aca||aabn | a|a d

040 ## - CATALOGING SOURCE

  • Original cataloging agency: NUST
  • Transcribing agency: NUST

100 ## - HEADING--PERSONAL NAME

  • Personal name: Howwitt, William

670 ## - SOURCE DATA FOUND

  • Source citation: Work cat.: (NUST)186382: Howwitt, William, Visits to Remarkable Places /
© 2023 Central Library, National University of Sciences and Technology. All Rights Reserved.